000 00551nam a2200217Ia 4500
003 GCL
008 140319s9999 xx 000 0 ara d
040 _aGCL /
_cGCL
082 0 4 _aط
_b502
_bن غ
100 1 _aنايف سعادة
245 1 0 _aغذاؤنا /
_cنايف سعادة
700 1 _aمعين حمزة
300 _a84
490 _aالبيئة العربية
_v0
650 0 4 _aالبيئة
650 0 4 _aالاطفال
650 0 4 _aالغذاء
650 0 4 _aالصحة
650 0 4 _aالفيتامينات
942 _2ddc
_cBK
999 _c38355
_d38355